| 000 | 00716nam a2200205 i 4500 | ||
|---|---|---|---|
| 001 | 141711 | ||
| 003 | ES-MaACL | ||
| 005 | 20250828030051.0 | ||
| 007 | t| | ||
| 008 | 070927s1913 sp ||||1| spa d | ||
| 100 | 1 |
_aVuillermet, F. A. _9115775 |
|
| 245 | 1 | 3 |
_aLa misión de la juventud contemporanea / _cpor F. A. Vuillermet ; traducción de la 5ª ed. francesa por E. Alvarez Dumont. |
| 260 |
_aMadrid : _b[s.n.], _c1913 ( _fHijos de R. Alvarez) |
||
| 300 |
_a275 p. ; _c19 cm. |
||
| 490 | 1 | _aCiencia y acción. Estudios sociales | |
| 700 | 2 |
_aAlvarez Dumont, Eugenio. _9125634 |
|
| 830 | 0 | 0 |
_aCiencia y acción. _pEstudios sociales _9187220 |
| 852 |
_aES-MaACL _jF-1674 |
||
| 999 |
_c141711 _d141711 |
||